[Event "Llobregat Garcia Memorial 7th"]
[Site "Llobregat"]
[Date "2016.04.09"]
[Round "1"]
[White "Lopez Baena, David"]
[Black "Castro Gonzalez, Jordi"]
[Result "1-0"]
[WhiteElo "1994"]
[BlackElo "1813"]
[PlyCount "99"]
[EventDate "2016.04.09"]
[EventType "swiss"]
[EventRounds "9"]
[EventCountry "ESP"]
[SourceTitle "EXT 2017"]
[Source "ChessBase"]
[SourceDate "2016.10.25"]
[SourceVersion "1"]
[SourceVersionDate "2016.10.25"]
[SourceQuality "1"]

1. c4 c5 2. Nf3 Nc6 3. d4 cxd4 4. Nxd4 Nxd4 5. Qxd4 b6 6. Nc3 Bb7 7. e4 e6 8. Bf4 Ne7 9. Be2 Nc6 10. Qd2 Bb4 11. Rd1 Bxc3 12. Qxc3 0-0 13. Bd6 Ne7 14. Bf3 f5 15. e5 Bxf3 16. Qxf3 Rf7 17. Bxe7 Rxe7 18. 0-0 Rc8 19. b3 Qc7 20. Rd6 Qc5 21. Qe2 a5 22. Rfd1 Rd8 23. Kf1 Qc7 24. Qe3 Rb8 25. Qd4 Rb7 26. Rd3 Qd8 27. f4 Qc7 28. Qf2 Rb8 29. Rh3 Qd8 30. Qh4 g6 31. Rhd3 Qe8 32. Qf2 Qd8 33. Qb2 Qc7 34. Qa3 Rf7 35. Rd1 Qb7 36. R1d4 Qc7 37. Qa4 Rb7 38. Qb5 Kg7 39. Ke2 Ra7 40. Qxb6 Qxb6 41. Rxb6 Rf8 42. Rbd6 Rf7 43. Kf3 Kf8 44. Ke3 Ke8 45. a3 Kd8 46. Rxe6 Kc7 47. Red6 Ra8 48. R4d5 Re7 49. Rc5+ Kb7 50. Rdd5 1-0

[Event "Foment Martinenc op-B 15th"]
[Site "Barcelona"]
[Date "2013.06.15"]
[Round "9"]
[White "Castro Gonzalez, Jordi"]
[Black "Perez Garcia, Adria"]
[Result "0-1"]
[WhiteElo "1786"]
[BlackElo "1588"]
[PlyCount "110"]
[EventDate "2013.04.20"]
[EventType "swiss"]
[EventRounds "9"]
[EventCountry "ESP"]
[SourceTitle "CBM 154 Extra"]
[Source "ChessBase"]
[SourceDate "2013.06.25"]
[SourceVersion "2"]
[SourceVersionDate "2013.06.25"]
[SourceQuality "1"]

1. d4 Nf6 2. e3 d5 3. Nd2 e6 4. Bd3 c5 5. c3 cxd4 6. cxd4 Nc6 7. a3 Bd6 8. f4 0-0 9. Ngf3 Bd7 10. 0-0 Rc8 11. Ne5 a6 12. Ndf3 Ne4 13. Nxd7 Qxd7 14. Bd2 f5 15. Rc1 Nxd2 16. Qxd2 Rc7 17. Rc2 Rfc8 18. Rfc1 Ne7 19. Ne5 Bxe5 20. fxe5 Rxc2 21. Rxc2 Rxc2 22. Qxc2 Qc6 23. Qc3 Qxc3 24. bxc3 b5 25. Kf2 Nc6 26. Bc2 Na5 27. Kf3 Nc4 28. a4 Kf7 29. axb5 axb5 30. Bd3 g6 31. h3 Kg7 32. g4 Kh6 33. Kf2 Kg5 34. Kg3 fxg4 35. h4+ Kh6 36. e4 dxe4 37. Bxe4 Kh5 38. Bd3 Ne3 39. Bxb5 Nf5+ 40. Kf2 Kxh4 41. Bc6 Kg5 42. d5 Ne7 43. c4 Kf4 44. Bb5 exd5 45. cxd5 Nxd5 46. e6 h5 47. Bc4 Ne7 48. Bd3 Ke5 49. Bc4 Kf6 50. Kg3 Nf5+ 51. Kh2 Nd4 52. Kg3 Nxe6 53. Bd5 Ke5 54. Bg2 Nd4 55. Kh4 Kf4 0-1

[Event "Foment Martinenc op-B 15th"]
[Site "Barcelona"]
[Date "2013.05.18"]
[Round "5"]
[White "Cuenca Madero, Sergi"]
[Black "Castro Gonzalez, Jordi"]
[Result "0-1"]
[WhiteElo "1700"]
[BlackElo "1786"]
[PlyCount "50"]
[EventDate "2013.04.20"]
[EventType "swiss"]
[EventRounds "9"]
[EventCountry "ESP"]
[SourceTitle "CBM 154 Extra"]
[Source "ChessBase"]
[SourceDate "2013.06.25"]
[SourceVersion "2"]
[SourceVersionDate "2013.06.25"]
[SourceQuality "1"]

1. e4 e5 2. Nf3 d6 3. d4 Bg4 4. dxe5 Nd7 5. exd6 Bxd6 6. Nc3 Ngf6 7. Be2 Qe7 8. Bg5 0-0-0 9. Nd4 Bxe2 10. Qxe2 Bb4 11. a3 Bxc3+ 12. bxc3 Qc5 13. Bd2 Nxe4 14. Qf3 Rhe8 15. Kd1 Nxd2 16. Kxd2 Ne5 17. Qh3+ Kb8 18. Rhb1 Nc4+ 19. Kd3 Nb6 20. Qf3 Qe7 21. Re1 Qd7 22. Rxe8 Qxe8 23. Qe3 Qb5+ 24. Kd2 Nc4+ 25. Ke1 Nxe3 0-1

[Event "Foment Martinenc op-B 15th"]
[Site "Barcelona"]
[Date "2013.04.27"]
[Round "2"]
[White "Castro Gonzalez, Jordi"]
[Black "Cardo Llagostera, Joana Llum"]
[Result "1-0"]
[WhiteElo "1786"]
[BlackElo "1620"]
[PlyCount "83"]
[EventDate "2013.04.20"]
[EventType "swiss"]
[EventRounds "9"]
[EventCountry "ESP"]
[SourceTitle "CBM 154 Extra"]
[Source "ChessBase"]
[SourceDate "2013.06.25"]
[SourceVersion "2"]
[SourceVersionDate "2013.06.25"]
[SourceQuality "1"]

1. e4 c5 2. Nc3 d6 3. Nf3 g6 4. Be2 Bg7 5. 0-0 e6 6. d4 cxd4 7. Nxd4 Ne7 8. Be3 a6 9. a4 Nd7 10. Qd2 0-0 11. f4 Qc7 12. f5 Nf6 13. fxe6 fxe6 14. Bf3 Bd7 15. Nde2 Bc6 16. Nf4 Qd7 17. Rfd1 Rad8 18. Bb6 Rc8 19. Qxd6 Qxd6 20. Rxd6 Nd7 21. Be3 e5 22. Ne6 Rf6 23. Rad1 Re8 24. Nxg7 Kxg7 25. Rxd7 Bxd7 26. Rxd7 Rf7 27. Rxb7 Nc6 28. Rxf7+ Kxf7 29. Nd5 Rb8 30. b3 Rc8 31. c4 Na5 32. Bd1 Rb8 33. Bb6 Nc6 34. Kf2 Ne7 35. c5 Rb7 36. Nxe7 Kxe7 37. Bc2 Rd7 38. Ke3 Rb7 39. a5 Kd7 40. Bd3 Kc6 41. Bc4 Rb8 42. Bxa6 1-0